| 000 | 00504nam a22001937a 4500 | ||
|---|---|---|---|
| 003 | LK-CoMWRAF | ||
| 005 | 20231117230732.0 | ||
| 008 | 231117b |||||||| |||| 00| 0 eng d | ||
| 020 | _a9780140023959 | ||
| 040 |
_aLK-CoMWRAF _dLK-CoMWRAF _eLK-CoMWRAF |
||
| 041 | _aeng | ||
| 082 |
_a823 _bNAI |
||
| 100 | _aNaipaul, V. S. | ||
| 245 | _aAn Area of darkness | ||
| 260 |
_aNew Delhi : _bThe energy and resources institute, _c2002 |
||
| 300 | _a192p | ||
| 650 | _aEnglish Fiction--Indian | ||
| 942 | _cBK | ||
| 999 |
_c4125 _d4125 |
||